Romeo y julieta /

Guardado en:
Autor Principal: Shakespeare, William
Otros Autores: Caparrós, Martín, trad.
Formato: Libro
Publicado: Buenos Aires : Norma
Series:Shakespeare por escritores
Materias:
Etiquetas: Agregar Etiqueta
Sin Etiquetas, Sea el primero en etiquetar este registro!
LEADER 00687nam a22002295a 4500
001 CEM.cems011577
005 20070906155420.0
008 130507b######################000#0#####d
003 CEMS
020 |a 9580455813 
082 0 4 |a 822.3 
100 1 |a Shakespeare, William 
245 1 0 |a Romeo y julieta /  |c William Shakespeare ; traducción de Martín Caparrós, Erna Von Der Walde 
260 |a Buenos Aires :  |b Norma 
300 |a 151 p. 
490 0 |a Shakespeare por escritores 
653 |a Literatura 
653 |a Literatura inglesa 
653 |a Teatro 
653 |a Teatro ingles 
700 1 |a Caparrós, Martín, trad. 
859 |a CEMS  |b BIB. CEMS - 11 de abril  |h 822.3  |i Sh14-14  |p 22486.04  |t Ej.1